Online
Catalog

Estética fotográfica : (Record no. 40166)

MARC details
000 -CABECERA
campo de control de longitud fija 00553nam a2200169 a 4500
001 - NÚMERO DE CONTROL
campo de control 000040676
005 - FECHA Y HORA DE LA ÚLTIMA TRANSACCIÓN
campo de control 20201002034310.0
008 - DATOS DE LONGITUD FIJA--INFORMACIÓN GENERAL
campo de control de longitud fija 130905s2007 sp a 000 0 spa d
020 ## - NÚMERO INTERNACIONAL ESTÁNDAR DEL LIBRO
Número Internacional Estándar del Libro 9788425219153
040 ## - FUENTE DE LA CATALOGACIÓN
Centro catalogador/agencia de origen DO-SdBNP
Lengua de catalogación spa
Centro/agencia transcriptor BNPHU
100 1# - ENTRADA PRINCIPAL--NOMBRE DE PERSONA
Nombre de persona Fontcuberta, Joan
9 (RLIN) 67041
245 10 - MENCIÓN DE TÍTULO
Título Estética fotográfica :
Resto del título una selección de textos /
Mención de responsabilidad, etc. Joan Fontcuberta.
260 ## - PUBLICACIÓN, DISTRIBUCIÓN, ETC.
Lugar de publicación, distribución, etc. Barcelona :
Nombre del editor, distribuidor, etc. Gustavo Gili,
Fecha de publicación, distribución, etc. 2007.
300 ## - DESCRIPCIÓN FÍSICA
Extensión 287 p. :
Otras características físicas ils. ;
Dimensiones 21 cm.
500 ## - NOTA GENERAL
Nota general Incluye índice de nombres e índice analítico
504 ## - NOTA DE BIBLIOGRAFÍA, ETC.
Nota de bibliografía, etc. Bibliografía : p. 286-287
Holdings
Estado de retiro Estado de pérdida Restricciones de uso No para préstamo Código de colección Localización permanente Ubicación/localización actual Ubicación en estantería Fecha de adquisición Número de inventario Total de préstamos Signatura topográfica completa Código de barras Fecha visto por última vez Precio válido a partir de Tipo de ítem Koha
        Monografías: Libros y Folletos General General En catalogación 05.09.2013 LF1   40676-10 25.06.2020 25.06.2020 Préstamo en sala

Powered by Koha